3.Liga-Teams 2024/2025 - Statistiken

Allgemein
  • Dieses Quiz wurde 63 mal gespielt
  • Das Durchschnittsergebnis liegt bei 6 aus 20
Antwortstatistiken
Hint Antwort % Korrekt
Schätzung:1953 Dynamo Dresden
64%
Schätzung:1963 Energie Cottbus
48%
Schätzung:1905 Arminia
47%
Schätzung:1903 Saarbrucken
45%
Schätzung:1954 Hansa Rostock
41%
Schätzung:2004 Ingolstadt
40%
Schätzung:1916 Sandhausen
38%
Schätzung:1907 Essen
36%
Schätzung:1900 Alemannia Aachen
34%
Schätzung:1945 Erzgebirge Aue
34%
Schätzung:1899 Vfl Osnabruck
31%
Schätzung:1904 Viktoria Koln
31%
Schätzung:1907 Waldhof Mannheim
31%
Schätzung:1925 SpVgg Unterhaching
28%
Schätzung:1957 Borussia Dortmund II
26%
Schätzung:1959 Hannover II
24%
Schätzung:1959 Stuttgart II
21%
Schätzung:1860 1860 Munich
3%
Schätzung:1926 Wehen Wiedbaden
3%
Schätzung:1924 SC Vern
0%
Keine übereinstimmenden Quizze gefunden
Verteilung der Resultate
Anzahl Personen mit jedem Resultat
Perzentil nach korrekt beantworteten Fragen
Ihre Resultats-Entwicklung
Sie haben dieses Quiz noch nicht gespielt